<?xml version="1.0" encoding="UTF-8"?>
<collection xmlns="http://www.loc.gov/MARC21/slim">
 <record>
  <leader>02425caa a2200421 c 4500</leader>
  <controlfield tag="001">1878205404</controlfield>
  <controlfield tag="003">DE-627</controlfield>
  <controlfield tag="005">20260511171602.0</controlfield>
  <controlfield tag="007">cr uuu---uuuuu</controlfield>
  <controlfield tag="008">240116s2022    xx |||||oo    00| ||ger c</controlfield>
  <datafield tag="024" ind1="7" ind2=" ">
   <subfield code="a">10.57732/rc.2022.12.94987</subfield>
   <subfield code="2">doi</subfield>
  </datafield>
  <datafield tag="035" ind1=" " ind2=" ">
   <subfield code="a">(DE-627)1878205404</subfield>
  </datafield>
  <datafield tag="035" ind1=" " ind2=" ">
   <subfield code="a">(DE-599)KXP1878205404</subfield>
  </datafield>
  <datafield tag="035" ind1=" " ind2=" ">
   <subfield code="a">(OCoLC)1425060297</subfield>
  </datafield>
  <datafield tag="040" ind1=" " ind2=" ">
   <subfield code="a">DE-627</subfield>
   <subfield code="b">ger</subfield>
   <subfield code="c">DE-627</subfield>
   <subfield code="e">rda</subfield>
  </datafield>
  <datafield tag="041" ind1=" " ind2=" ">
   <subfield code="a">ger</subfield>
  </datafield>
  <datafield tag="084" ind1=" " ind2=" ">
   <subfield code="a">KUNST</subfield>
   <subfield code="q">DE-16</subfield>
   <subfield code="2">fid</subfield>
  </datafield>
  <datafield tag="100" ind1="1" ind2=" ">
   <subfield code="a">Ebeling, Jörg</subfield>
   <subfield code="e">VerfasserIn</subfield>
   <subfield code="0">(DE-588)141631511</subfield>
   <subfield code="0">(DE-627)630397805</subfield>
   <subfield code="0">(DE-576)325050872</subfield>
   <subfield code="4">aut</subfield>
  </datafield>
  <datafield tag="245" ind1="1" ind2="0">
   <subfield code="a">[Rezension von: Rolf Bothe, Andreas Rietz, Polstermöbel und textile Raumausstattungen - Michel Chauveau u.a. (Hrsg.), L'art de suspendre les rideaux - Annabel Westman, Fringe, Frog &amp; Tassel]</subfield>
   <subfield code="c">Jörg Ebeling</subfield>
  </datafield>
  <datafield tag="264" ind1=" " ind2="1">
   <subfield code="c">2022</subfield>
  </datafield>
  <datafield tag="300" ind1=" " ind2=" ">
   <subfield code="b">Illustrationen</subfield>
  </datafield>
  <datafield tag="336" ind1=" " ind2=" ">
   <subfield code="a">Text</subfield>
   <subfield code="b">txt</subfield>
   <subfield code="2">rdacontent</subfield>
  </datafield>
  <datafield tag="337" ind1=" " ind2=" ">
   <subfield code="a">Computermedien</subfield>
   <subfield code="b">c</subfield>
   <subfield code="2">rdamedia</subfield>
  </datafield>
  <datafield tag="338" ind1=" " ind2=" ">
   <subfield code="a">Online-Ressource</subfield>
   <subfield code="b">cr</subfield>
   <subfield code="2">rdacarrier</subfield>
  </datafield>
  <datafield tag="655" ind1=" " ind2="7">
   <subfield code="a">Rezension</subfield>
   <subfield code="0">(DE-588)4049712-4</subfield>
   <subfield code="0">(DE-627)106186019</subfield>
   <subfield code="0">(DE-576)209083166</subfield>
   <subfield code="2">gnd-content</subfield>
  </datafield>
  <datafield tag="773" ind1="0" ind2="8">
   <subfield code="i">Enthalten in</subfield>
   <subfield code="t">Regards croisés</subfield>
   <subfield code="d">Paris : Institut National d’Histoire de l’Art, 2013</subfield>
   <subfield code="g">12(2022), Seite 136-141</subfield>
   <subfield code="h">Online-Ressource</subfield>
   <subfield code="w">(DE-627)832785571</subfield>
   <subfield code="w">(DE-600)2830060-9</subfield>
   <subfield code="w">(DE-576)442942508</subfield>
   <subfield code="x">2509-4750</subfield>
   <subfield code="7">nnas</subfield>
  </datafield>
  <datafield tag="773" ind1="1" ind2="8">
   <subfield code="g">volume:12</subfield>
   <subfield code="g">year:2022</subfield>
   <subfield code="g">pages:136-141</subfield>
  </datafield>
  <datafield tag="787" ind1="0" ind2="8">
   <subfield code="i">Rezension von</subfield>
   <subfield code="a">Bothe, Rolf, 1939 - </subfield>
   <subfield code="t">Polstermöbel und textile Raumausstattungen</subfield>
   <subfield code="b">1. Auflage</subfield>
   <subfield code="d">Regensburg : Schnell + Steiner, 2019</subfield>
   <subfield code="h">256 Seiten</subfield>
   <subfield code="w">(DE-627)1041655681</subfield>
   <subfield code="z">379543419X</subfield>
   <subfield code="z">9783795434199</subfield>
  </datafield>
  <datafield tag="787" ind1="0" ind2="8">
   <subfield code="i">Rezension von</subfield>
   <subfield code="a">Chauveau, Michel, 1956 - </subfield>
   <subfield code="t">L' art de suspendre les rideaux de l'Ancien Régime au second Empire</subfield>
   <subfield code="d">Paris : Méroé, 2019</subfield>
   <subfield code="h">301 Seiten</subfield>
   <subfield code="w">(DE-627)1682207242</subfield>
   <subfield code="z">9791095715238</subfield>
  </datafield>
  <datafield tag="787" ind1="0" ind2="8">
   <subfield code="i">Rezension von</subfield>
   <subfield code="a">Westman, Annabel</subfield>
   <subfield code="t">Fringe, frog &amp; tassel</subfield>
   <subfield code="d">London : PWP, 2019</subfield>
   <subfield code="h">xv, 272 Seiten</subfield>
   <subfield code="w">(DE-627)1682036146</subfield>
   <subfield code="z">9781781300756</subfield>
  </datafield>
  <datafield tag="856" ind1="4" ind2="0">
   <subfield code="u">https://doi.org/10.57732/rc.2022.12.94987</subfield>
   <subfield code="x">Verlag</subfield>
   <subfield code="x">Resolving-System</subfield>
   <subfield code="z">kostenfrei</subfield>
   <subfield code="3">Volltext</subfield>
   <subfield code="7">0</subfield>
  </datafield>
  <datafield tag="856" ind1="4" ind2="0">
   <subfield code="u">https://journals.ub.uni-heidelberg.de/index.php/rc/article/view/94987</subfield>
   <subfield code="x">Verlag</subfield>
   <subfield code="z">kostenfrei</subfield>
   <subfield code="3">Volltext</subfield>
   <subfield code="7">0</subfield>
  </datafield>
  <datafield tag="912" ind1=" " ind2=" ">
   <subfield code="a">ZDB-282-AAE-article</subfield>
  </datafield>
  <datafield tag="951" ind1=" " ind2=" ">
   <subfield code="a">AR</subfield>
  </datafield>
  <datafield tag="994" ind1=" " ind2=" ">
   <subfield code="u">https://ahnp.ub.uni-heidelberg.de/journals/rc/article/view/94987/92419</subfield>
  </datafield>
  <datafield tag="994" ind1=" " ind2=" ">
   <subfield code="u">https://ahnp.ub.uni-heidelberg.de/journals/rc/article/view/94987/92419</subfield>
  </datafield>
  <datafield tag="991" ind1=" " ind2=" ">
   <subfield code="a">Rezension (Monographie, Zeitschrift, Aufsatz)</subfield>
  </datafield>
  <datafield tag="999" ind1=" " ind2=" ">
   <subfield code="a">KXP-PPN1878205404</subfield>
   <subfield code="e">496743648X</subfield>
  </datafield>
 </record>
</collection>
